000 00308nam a2200145Ia 4500
100 _aZill/Dennis G
650 _aMathematics
250 _a3
942 _cBK
366 _f20
245 _aAdvanced Engineering Mathematics
260 _bNarosa Publication House
_c2006
546 _aENGLISH
999 _c34461
_d34461